A magyar „írói rend" összetétele 1922-ben kísérlet egy forrástípus irodalomszociológiai értelmezésére /

Der Artikel gibt eine literatursoziologische Analyse des Stoffes eines Ende 1922 zusammenstellten, Amfang 1923 herausgegebenen Lexikons. Das Lexikon strebt — nach der 1919er großer ideologischer Veränderung — nach der literarischen Kodifikation der neuen Lage, so zeigt seine Analyse die neue Situati...

Teljes leírás

Elmentve itt :
Bibliográfiai részletek
Szerző: Lengyel András
Dokumentumtípus: Cikk
Megjelent: 1985
Sorozat:Acta historiae litterarum hungaricarum 22
Kulcsszavak:Magyar irodalom története 20. sz., Irodalomtudomány
Online Access:http://acta.bibl.u-szeged.hu/985
LEADER 01772nab a2200193 i 4500
001 acta985
005 20210420115624.0
008 161015s1985 hu o 0|| hun d
022 |a 0586-3708 
040 |a SZTE Egyetemi Kiadványok Repozitórium  |b hun 
041 |a hun 
100 1 |a Lengyel András 
245 1 2 |a A magyar „írói rend" összetétele 1922-ben   |h [elektronikus dokumentum] :  |b kísérlet egy forrástípus irodalomszociológiai értelmezésére /  |c  Lengyel András 
260 |c 1985 
300 |a 81-93 
490 0 |a Acta historiae litterarum hungaricarum  |v 22 
520 3 |a Der Artikel gibt eine literatursoziologische Analyse des Stoffes eines Ende 1922 zusammenstellten, Amfang 1923 herausgegebenen Lexikons. Das Lexikon strebt — nach der 1919er großer ideologischer Veränderung — nach der literarischen Kodifikation der neuen Lage, so zeigt seine Analyse die neue Situation des ungarischen literarischen Lebens, und die gesellschaftshistorischen Charakterzüge der dieser Situation angehörenden führenden Schriftstellern. (Alter, Abstammung, Bildung, Egzistenz, usw.) Der Verfasser beweißt, daß man bis 1922 die um die A Hét (Die Woche) sogar um die "Nyugat" (Westen) sich herausbildende Literarur anerkannt hat, und die "Nyugat" ist eine hochgeschätzte Literatur geworden. Zugleich ist aber auch die gesellschafthistorische und literaturgesellschaftliche Rolle der Wertverlierenden, konzervativen Literatur geblieben. Aber 1922 war man noch nicht der regionalen Literatur des in minderheit gelangenen Ungarntum bewußt, und es hat auch die Emigrationsliteratur an Legitimität verloren. 
695 |a Magyar irodalom története 20. sz., Irodalomtudomány 
856 4 0 |u http://acta.bibl.u-szeged.hu/985/1/hist_litt_hung_022_081-093.pdf  |z Dokumentum-elérés